<?xml version="1.0" encoding="UTF-8"?>
<marc:record xmlns:marc="http://www.loc.gov/MARC21/slim">
   <marc:leader>00000nam a2200000 a 4500</marc:leader>
   <marc:datafield ind1="1" ind2=" " tag="100">
      <marc:subfield code="a">Ivic, Paul</marc:subfield>
      <marc:subfield code="4">aut</marc:subfield>
      <marc:subfield code="e">Verfasser/-in</marc:subfield>
   </marc:datafield>
   <marc:datafield ind1="1" ind2=" " tag="100">
      <marc:subfield code="a">Pertramer, Ingo</marc:subfield>
   </marc:datafield>
   <marc:datafield ind1="1" ind2=" " tag="100">
      <marc:subfield code="a">Holzer, Florian</marc:subfield>
   </marc:datafield>
   <marc:datafield ind1="0" ind2="0" tag="245">
      <marc:subfield code="a">Restlos glücklich</marc:subfield>
   </marc:datafield>
   <marc:datafield ind1="0" ind2="0" tag="245">
      <marc:subfield code="b">klimafreundlich, nachhaltig, vegetarisch &amp; vegan</marc:subfield>
   </marc:datafield>
   <marc:datafield ind1="0" ind2="0" tag="245">
      <marc:subfield code="c">Paul Ivic. Mit Texten von Florian Holzer &amp; Fotos von Ingo Pertramer</marc:subfield>
   </marc:datafield>
   <marc:datafield ind1=" " ind2="1" tag="264">
      <marc:subfield code="a">Wien</marc:subfield>
      <marc:subfield code="b">Brandstätter Verlag</marc:subfield>
      <marc:subfield code="c">2021</marc:subfield>
   </marc:datafield>
   <marc:datafield ind1=" " ind2=" " tag="250">
      <marc:subfield code="a">1. Auflage</marc:subfield>
   </marc:datafield>
   <marc:datafield ind1="1" ind2=" " tag="520">
      <marc:subfield code="a">Die Klimakrise hat längst unsere Küche erreicht. Höchste Zeit zu handeln, findet auch Europas bester vegetarischer Koch und Bestsellerautor Paul Ivic und zeigt das wahre Potenzial der Gemüseküche. Denn eine fleischlose Ernährung ist nachweislich die klimafreundlichste Art zu kochen. Entscheidend sind aber nicht nur die Zutaten, sondern auch deren Herkunft und Qualität sowie Arbeitsbedingungen und Transportwege. Paul Ivic plädiert für mehr Wertschätzung gegenüber Natur, Mensch, Tier und Lebensmitteln und feiert in mehr als 70 köstlichen veganen und vegetarischen Rezepten auch die scheinbaren Nebendarsteller wie Wurzel, Blatt, Schale und Kern. Mit wertvollen No-Waste-Tricks und vielen Ideen, wie wir unsere persönliche Klimabilanz in der Küche verbessern können. [Verlagsmeldung]</marc:subfield>
   </marc:datafield>
   <marc:datafield ind1=" " ind2=" " tag="020">
      <marc:subfield code="a">9783710604188</marc:subfield>
      <marc:subfield code="9">9783710604188</marc:subfield>
   </marc:datafield>
   <marc:datafield ind1=" " ind2=" " tag="041">
      <marc:subfield code="a">ger</marc:subfield>
   </marc:datafield>
   <marc:datafield ind1=" " ind2=" " tag="300">
      <marc:subfield code="a">192 S.</marc:subfield>
   </marc:datafield>
</marc:record>
